000 005100000a22001810004500
003 MACL
005 20150712155651.0
008 150712b xxu||||| |||| 00| 0 eng d
040 _aMACL
_cMACL
041 _aEnglish
082 _a320/SIM
100 _aSims, R L
_91954
245 _aA Political History of Modern Japan 1868-1952
_bThe Afro-Asian Nations: History and Culture
260 _bVikas Publication house
_aNew Delhi
_c1868
350 _a395
650 _aPolitical Science
_988
942 _cBK
_k320
_2ddc
999 _c4187
_d4187